[Event "O losinského kapra 2015"]
[Site "Kouty nad Desnou"]
[Date "2015.12.12"]
[Round "1"]
[White "Plát, Vojtìch"]
[Black "Štec, František"]
[Result "1-0"]
[WhiteElo "2612"]
[BlackElo "1879"]
[PlyCount "35"]
[EventDate "2015.??.??"]

1. d4 d5 2. c4 e6 3. Nc3 Nf6 4. cxd5 Nxd5 5. e4 Nxc3 6. bxc3 c5 7. Nf3 cxd4 8.
cxd4 Be7 9. Bd3 Nd7 10. O-O b6 11. Bf4 Bb7 12. Rc1 Rc8 13. Qa4 Rxc1 14. Rxc1
O-O 15. Qxa7 Qa8 16. Qxa8 Bxa8 17. Rc7 Rd8 18. Bb5 1-0

[Event "O losinského kapra 2015"]
[Site "Kouty nad Desnou"]
[Date "2015.12.12"]
[Round "1"]
[White "Stanìk, Petr"]
[Black "Krejèí, Jan"]
[Result "0-1"]
[WhiteElo "1875"]
[BlackElo "2527"]
[PlyCount "64"]
[EventDate "2015.??.??"]

1. e4 c5 2. Nc3 e6 3. g3 Nc6 4. Bg2 g6 5. d3 Bg7 6. f4 Nge7 7. Nf3 d6 8. O-O a6
9. Ne2 b5 10. c3 Bb7 11. g4 h5 12. g5 Qc7 13. Nh4 O-O-O 14. a4 b4 15. cxb4 Nxb4
16. a5 Nec6 17. Ra3 Nd4 18. Nxd4 Bxd4+ 19. Kh1 d5 20. e5 c4 21. dxc4 dxc4 22.
Qe2 Nd3 23. h3 Bxg2+ 24. Qxg2 Rd5 25. Qe2 Rhd8 26. Ng2 Qb7 27. b3 Bc5 28. bxc4
Nxc1 29. Rxc1 Rd2 30. Qf3 Bxa3 31. Qxb7+ Kxb7 32. Rb1+ Rb2 0-1

[Event "O losinského kapra 2015"]
[Site "Kouty nad Desnou"]
[Date "2015.12.12"]
[Round "1"]
[White "Cvek, Robert"]
[Black "John, Richard"]
[Result "1-0"]
[WhiteElo "2527"]
[BlackElo "1872"]
[PlyCount "51"]
[EventDate "2015.??.??"]

1. c4 Nf6 2. Nc3 g6 3. e4 d6 4. d4 Bg7 5. f3 O-O 6. Be3 e5 7. Nge2 Na6 8. Qd2
Bd7 9. d5 b6 10. g4 c5 11. Ng3 Kh8 12. h4 h5 13. gxh5 Nxh5 14. Nxh5 gxh5 15.
O-O-O f5 16. exf5 Bxf5 17. Ne4 Bxe4 18. fxe4 Qe7 19. Be2 Nc7 20. Rdg1 Ne8 21.
Bxh5 Nf6 22. Bg6 Ng8 23. Qe2 Nf6 24. Bf5 a5 25. Rg6 Ra7 26. Rhg1 1-0

[Event "O losinského kapra 2015"]
[Site "Kouty nad Desnou"]
[Date "2015.12.12"]
[Round "1"]
[White "Bracha, Pavel"]
[Black "Žilka, Štìpán"]
[Result "0-1"]
[WhiteElo "1864"]
[BlackElo "2504"]
[PlyCount "66"]
[EventDate "2015.??.??"]

1. e4 e5 2. Nf3 Nc6 3. d4 exd4 4. Nxd4 Nf6 5. Nxc6 bxc6 6. Bd3 d5 7. exd5 cxd5
8. O-O Be7 9. Re1 O-O 10. h3 Rb8 11. c3 c5 12. Qc2 Bd6 13. Bg5 h6 14. Bh4 g5
15. Bg3 Bxg3 16. fxg3 c4 17. Be2 Qb6+ 18. Kh2 Qxb2 19. Qxb2 Rxb2 20. Bf3 Kg7
21. a4 h5 22. h4 gxh4 23. gxh4 Bg4 24. Kg3 Kg6 25. Re5 Bxf3 26. gxf3 Kh6 27.
Kf4 Rh2 28. Kg3 Rh1 29. Kg2 Rxh4 30. Na3 Rg8+ 31. Kf2 Rh2+ 32. Ke3 Rg3 33. Rf1
Ng4+ 0-1

[Event "O losinského kapra 2015"]
[Site "Kouty nad Desnou"]
[Date "2015.12.12"]
[Round "2"]
[White "Uhmann, Jan"]
[Black "Plát, Vojtìch"]
[Result "0-1"]
[WhiteElo "2130"]
[BlackElo "2612"]
[PlyCount "86"]
[EventDate "2015.??.??"]

1. d4 d6 2. c4 e5 3. e3 Nd7 4. Nc3 Ngf6 5. Nge2 Be7 6. Ng3 O-O 7. Be2 c6 8. O-O
Re8 9. Qc2 Qc7 10. a3 a5 11. Bd2 Bf8 12. Rac1 Nb6 13. b4 axb4 14. axb4 exd4 15.
exd4 Be6 16. c5 Nbd5 17. Nxd5 Bxd5 18. Ra1 b6 19. Bf4 bxc5 20. bxc5 Qd7 21. Bd3
dxc5 22. dxc5 g6 23. Rxa8 Rxa8 24. Be5 Ng4 25. Bb2 Qe7 26. Qc3 f6 27. h3 Ne5
28. Rc1 Rb8 29. Bf1 Rb3 30. Qc2 Bh6 31. Rd1 Rxb2 32. Qxb2 Qxc5 33. Qb8+ Kg7 34.
Qc7+ Nf7 35. Bd3 Qb4 36. Rb1 Qd2 37. Be4 Ba2 38. Nf1 Qd4 39. Re1 c5 40. Bf3 c4
41. Rd1 Qe5 42. Bd5 Qxc7 43. Bf3 Qe5 0-1

[Event "O losinského kapra 2015"]
[Site "Kouty nad Desnou"]
[Date "2015.12.12"]
[Round "2"]
[White "Krejèí, Jan"]
[Black "Kapusta, Petr"]
[Result "1-0"]
[WhiteElo "2527"]
[BlackElo "2130"]
[PlyCount "77"]
[EventDate "2015.??.??"]

1. d4 Nf6 2. c4 g6 3. Nc3 Bg7 4. Nf3 O-O 5. Bg5 d6 6. e3 c5 7. Be2 Nbd7 8. O-O
h6 9. Bh4 g5 10. Bg3 Nh5 11. Qc2 Nxg3 12. hxg3 Nf6 13. Rad1 Qb6 14. Rfe1 Bd7
15. Bd3 Bg4 16. b3 a6 17. Bf5 e6 18. Bxg4 Nxg4 19. d5 Qd8 20. dxe6 fxe6 21. Ne4
Qc7 22. Rxd6 Nxf2 23. Qxf2 g4 24. Red1 gxf3 25. gxf3 Qf7 26. Kg2 Qg6 27. Nxc5
Rae8 28. Rd7 b6 29. Ne4 Be5 30. Nd6 Rd8 31. Ne4 Rc8 32. Re7 Rcd8 33. Rdd7 Rxd7
34. Rxd7 h5 35. Kf1 h4 36. gxh4 Kh8 37. Ke2 b5 38. c5 Bg7 39. Qg3 1-0

[Event "O losinského kapra 2015"]
[Site "Kouty nad Desnou"]
[Date "2015.12.12"]
[Round "2"]
[White "Valenta, Vít"]
[Black "Cvek, Robert"]
[Result "0-1"]
[WhiteElo "2128"]
[BlackElo "2527"]
[PlyCount "110"]
[EventDate "2015.??.??"]

1. b4 d5 2. Bb2 Qd6 3. a3 e5 4. d3 Nf6 5. Nf3 Nbd7 6. g3 c6 7. Bg2 a5 8. c3 Qc7
9. O-O Bd6 10. Nbd2 O-O 11. e4 b6 12. Nh4 Re8 13. Nf5 Bf8 14. Ne3 Bb7 15. Qb3
Red8 16. Rfd1 b5 17. c4 bxc4 18. dxc4 d4 19. Nc2 c5 20. b5 a4 21. Qd3 Nb6 22.
Rf1 Bd6 23. Rae1 Rab8 24. Bc1 Bc8 25. Nf3 Be6 26. Nd2 Ne8 27. f3 f6 28. Rf2 Qf7
29. Bf1 Bf8 30. f4 exf4 31. gxf4 Nd6 32. f5 Bxc4 33. Nxc4 Ndxc4 34. Bf4 Ne5 35.
Bxe5 fxe5 36. Qg3 Qf6 37. Rc1 c4 38. Nb4 Bxb4 39. axb4 d3 40. Rg2 Rb7 41. Qe3
Rd4 42. Kh1 Rbd7 43. Rd2 Qh6 44. Qxh6 gxh6 45. Bh3 Kf7 46. f6 R7d6 47. Bf5 Rxf6
48. Kg2 Rxf5 49. exf5 e4 50. Kf2 Nd5 51. Re1 c3 52. Ra2 d2 53. Rd1 Nxb4 54. Ke3
Nxa2 55. Kxd4 c2 0-1

[Event "O losinského kapra 2015"]
[Site "Kouty nad Desnou"]
[Date "2015.12.12"]
[Round "2"]
[White "Žilka, Štìpán"]
[Black "Machyèek, Lubomír"]
[Result "1-0"]
[WhiteElo "2504"]
[BlackElo "2126"]
[PlyCount "33"]
[EventDate "2015.??.??"]

1. d4 Nf6 2. c4 e6 3. Nf3 d5 4. g3 c5 5. cxd5 exd5 6. Bg2 cxd4 7. O-O Be7 8.
Nxd4 O-O 9. Nc3 Nc6 10. Nb3 Be6 11. Bg5 d4 12. Nb5 Qb6 13. N5xd4 Rfd8 14. e3
Bc4 15. Re1 Bb4 16. Bxf6 gxf6 17. Qd2 1-0

[Event "O losinského kapra 2015"]
[Site "Kouty nad Desnou"]
[Date "2015.12.12"]
[Round "3"]
[White "Plát, Vojtìch"]
[Black "Mudrák, Josef"]
[Result "1-0"]
[WhiteElo "2612"]
[BlackElo "2283"]
[PlyCount "118"]
[EventDate "2015.??.??"]

1. d4 Nf6 2. c4 d6 3. Nf3 Nbd7 4. g3 e5 5. Bg2 Be7 6. O-O O-O 7. Nc3 c6 8. Qc2
Re8 9. Rd1 Qc7 10. b3 h6 11. Bb2 Bf8 12. e3 exd4 13. exd4 Nb6 14. Re1 Bg4 15.
h3 Bxf3 16. Bxf3 a5 17. a4 d5 18. cxd5 cxd5 19. Qd3 Qd7 20. Kg2 Rxe1 21. Rxe1
Bb4 22. Rc1 Nc8 23. Qb5 Qxb5 24. Nxb5 Nb6 25. Rc7 Rc8 26. Rxb7 Rc2 27. Bc3 Bxc3
28. Nxc3 Rxc3 29. Rxb6 Kf8 30. Rb5 Ke7 31. Bxd5 Nxd5 32. Rxd5 Rxb3 33. Rxa5 Rb4
34. d5 Rb7 35. Rb5 Ra7 36. a5 Kd6 37. Kf3 Rc7 38. a6 Rc3+ 39. Kg2 Ra3 40. Rb7
Rxa6 41. Rxf7 Kxd5 42. Rxg7 Ke5 43. Rf7 Ke4 44. Rf4+ Ke5 45. Kf3 Rg6 46. Ra4
Rb6 47. Kg4 Kf6 48. Kh5 Kf5 49. Rf4+ Ke5 50. Rf8 Ke4 51. g4 Ke5 52. h4 Ra6 53.
f4+ Ke4 54. g5 hxg5 55. hxg5 Rb6 56. g6 Rb1 57. g7 Rh1+ 58. Kg6 Rg1+ 59. Kf6
Kd5 1-0

[Event "O losinského kapra 2015"]
[Site "Kouty nad Desnou"]
[Date "2015.12.12"]
[Round "3"]
[White "Holemáø, David"]
[Black "Krejèí, Jan"]
[Result "1/2-1/2"]
[WhiteElo "2276"]
[BlackElo "2527"]
[PlyCount "61"]
[EventDate "2015.??.??"]

1. Nc3 e5 2. Nf3 Nc6 3. e4 Nf6 4. a3 d6 5. h3 g6 6. d4 exd4 7. Nxd4 Bg7 8. Bb5
Bd7 9. O-O O-O 10. Nxc6 bxc6 11. Bd3 Re8 12. Bg5 h6 13. Bh4 Qb8 14. Rb1 Qb6 15.
Kh1 a5 16. f4 a4 17. Qd2 Ra5 18. Bf2 Qb7 19. Nd5 cxd5 20. Qxa5 dxe4 21. Bc4 e3
22. Bh4 Bxh3 23. Rf3 Bg4 24. Rg3 Bf5 25. Qxf5 gxf5 26. Bxf6 Re4 27. Rxg7+ Kf8
28. Bxf7 Rxf4 29. Be6 Rg4 30. Rf7+ Ke8 31. Re7+ 1/2-1/2

[Event "O losinského kapra 2015"]
[Site "Kouty nad Desnou"]
[Date "2015.12.12"]
[Round "3"]
[White "Cvek, Robert"]
[Black "Baláèek, Tadeáš"]
[Result "1/2-1/2"]
[WhiteElo "2527"]
[BlackElo "2254"]
[PlyCount "63"]
[EventDate "2015.??.??"]

1. c4 c5 2. Nf3 Nf6 3. Nc3 Nc6 4. g3 d5 5. cxd5 Nxd5 6. Bg2 Nxc3 7. bxc3 g6 8.
Qb3 Bg7 9. Qb5 Qa5 10. Qxa5 Nxa5 11. Rb1 Bd7 12. Ng5 Rc8 13. Bb2 h6 14. Nh3 Nc4
15. Ba1 b5 16. d3 Nb6 17. Nf4 c4 18. d4 O-O 19. Kd2 e6 20. Bb2 e5 21. dxe5 Bxe5
22. Rhc1 Rfd8 23. Ke1 g5 24. Nd5 Nxd5 25. Bxd5 Bf5 26. e4 Rxd5 27. exd5 Bxb1
28. Rxb1 a5 29. Ba1 Rc5 30. Rd1 Bd6 31. Bb2 b4 32. Ke2 1/2-1/2

[Event "O losinského kapra 2015"]
[Site "Kouty nad Desnou"]
[Date "2015.12.12"]
[Round "3"]
[White "Petráò, Peter"]
[Black "Žilka, Štìpán"]
[Result "1/2-1/2"]
[WhiteElo "2253"]
[BlackElo "2504"]
[PlyCount "99"]
[EventDate "2015.??.??"]

1. Nf3 d5 2. c4 e6 3. b3 Nf6 4. Bb2 Be7 5. g3 O-O 6. Bg2 c5 7. cxd5 exd5 8. d4
cxd4 9. O-O Nc6 10. Nxd4 Re8 11. Nc3 Bf8 12. h3 Qb6 13. Na4 Qd8 14. e3 Bd7 15.
Nc3 Qa5 16. a3 Rad8 17. b4 Qc7 18. Rc1 Qd6 19. Nf3 a6 20. Qd2 Ne4 21. Nxe4 dxe4
22. Qxd6 Bxd6 23. Nd2 f5 24. Nc4 Bb8 25. Rfd1 Be6 26. Bf1 Kf7 27. Be2 g6 28. h4
Ke7 29. Kf1 Bc7 30. Ke1 Rxd1+ 31. Rxd1 b5 32. Nd2 Be5 33. Bxe5 Nxe5 34. f4 exf3
35. Nxf3 Ng4 36. Kd2 Nf2 37. Rc1 Ne4+ 38. Ke1 Nxg3 39. Rc7+ Kd6 40. Rxh7 f4 41.
Nd4 Bc4 42. Bxc4 Rxe3+ 43. Be2 Nxe2 44. Nxe2 f3 45. Ra7 Rxe2+ 46. Kf1 Ke5 47.
Rxa6 Kf5 48. Rb6 Ra2 49. Rxb5+ Kf4 50. Rg5 1/2-1/2

[Event "O losinského kapra 2015"]
[Site "Kouty nad Desnou"]
[Date "2015.12.12"]
[Round "4"]
[White "Èervený, Martin"]
[Black "Plát, Vojtìch"]
[Result "0-1"]
[WhiteElo "2443"]
[BlackElo "2612"]
[PlyCount "74"]
[EventDate "2015.??.??"]

1. d4 d6 2. Nf3 Bg4 3. c4 Nd7 4. g3 c6 5. Bg2 e5 6. O-O Ngf6 7. Nc3 Be7 8. Qd3
Qc7 9. Rd1 O-O 10. b3 Rfe8 11. Ba3 Qa5 12. Bb2 Bf8 13. dxe5 dxe5 14. Qe3 Bc5
15. Qc1 Qb6 16. Rf1 Bf8 17. h3 Bh5 18. Nh4 Nc5 19. g4 Bg6 20. Qe3 Qc7 21. Nxg6
hxg6 22. Rad1 Ne6 23. Ne4 Nf4 24. Rd2 Bb4 25. Rc2 Rad8 26. a3 Bf8 27. Rfc1 Ne6
28. Qg3 Nxe4 29. Bxe4 Nd4 30. Bxd4 Rxd4 31. Qf3 Bxa3 32. c5 Bxc1 33. Rxc1 Qe7
34. e3 Rd2 35. Kg2 Red8 36. Rc3 Rb2 37. Bd3 Rxd3 0-1

[Event "O losinského kapra 2015"]
[Site "Kouty nad Desnou"]
[Date "2015.12.12"]
[Round "4"]
[White "Velièka, Petr"]
[Black "Zwardoò, Vojtìch"]
[Result "1-0"]
[WhiteElo "2405"]
[BlackElo "2500"]
[PlyCount "148"]
[EventDate "2015.??.??"]

1. e4 c5 2. b3 Nf6 3. e5 Nd5 4. Bb2 g6 5. Bc4 Nb6 6. Be2 Bg7 7. Nf3 Nc6 8. Bb5
O-O 9. O-O d5 10. Bxc6 bxc6 11. h3 c4 12. Re1 a5 13. d3 cxd3 14. cxd3 c5 15.
Nbd2 Bf5 16. Nf1 a4 17. Ng3 a3 18. Bc1 Be6 19. Bd2 Nd7 20. Rc1 Qb8 21. Bf4 h6
22. Qe2 Rc8 23. d4 c4 24. Nd2 Nb6 25. Rc3 Kh7 26. Rec1 cxb3 27. Nxb3 Rxc3 28.
Rxc3 Na4 29. Rc2 Bc8 30. Qe1 Ba6 31. Nf1 e6 32. Nfd2 Bd3 33. Rc1 Bf8 34. Qe3
Bc4 35. Nxc4 dxc4 36. Rxc4 Nb6 37. Rc2 Nd5 38. Qf3 Ra7 39. Bd2 Kg8 40. Qd1 Rc7
41. Rxc7 Qxc7 42. Qc1 Qb7 43. Bxh6 Bxh6 44. Qxh6 Qb4 45. Qc1 Nc3 46. Qc2 Kg7
47. Kh2 Nd5 48. Qc1 Nc3 49. Qc2 Nd5 50. Qc1 Qb5 51. Qxa3 Qe2 52. Qc1 Qxa2 53.
Nd2 Nf4 54. Ne4 Nd5 55. Qd2 Qb1 56. Nd6 Qf1 57. Ne8+ Kf8 58. Nf6 Qc4 59. Qh6+
Ke7 60. Qh4 Nxf6 61. exf6+ Kd7 62. Qe4 Qb4 63. Qe5 Qb2 64. f3 Qc3 65. Qb5+ Kd8
66. Qb8+ Kd7 67. Qb7+ Kd6 68. Qxf7 Qxd4 69. Qxg6 Kd7 70. Qg7+ Kd6 71. Qg5 Kd7
72. f7 Qd6+ 73. f4 Qf8 74. Qf6 Kd6 1-0

[Event "O losinského kapra 2015"]
[Site "Kouty nad Desnou"]
[Date "2015.12.12"]
[Round "4"]
[White "Kalod, Radek"]
[Black "Kraus, Tomáš"]
[Result "1/2-1/2"]
[WhiteElo "2491"]
[BlackElo "2348"]
[PlyCount "36"]
[EventDate "2015.??.??"]

1. e4 d6 2. d4 Nf6 3. Nc3 e5 4. Nf3 Nbd7 5. g3 Be7 6. Bg2 O-O 7. O-O c6 8. a4
Re8 9. Re1 Bf8 10. b3 a5 11. Bb2 exd4 12. Nxd4 Nc5 13. Qd2 Qb6 14. h3 Bd7 15.
Kh2 Rad8 16. Rad1 Bc8 17. Re2 g6 18. Qe1 Bg7 1/2-1/2

[Event "O losinského kapra 2015"]
[Site "Kouty nad Desnou"]
[Date "2015.12.12"]
[Round "4"]
[White "Vrána, František"]
[Black "Sergeev, Vladimir"]
[Result "0-1"]
[WhiteElo "2167"]
[BlackElo "2468"]
[PlyCount "42"]
[EventDate "2015.??.??"]

1. e4 Nf6 2. e5 Nd5 3. d4 d6 4. Nf3 Bg4 5. Be2 c6 6. O-O Bxf3 7. Bxf3 dxe5 8.
dxe5 e6 9. Qe2 Nd7 10. c4 Ne7 11. Bf4 Ng6 12. Bg3 Qa5 13. Re1 Bb4 14. Nc3 O-O-O
15. Rac1 Nc5 16. a3 Bxc3 17. Rxc3 Na4 18. Rc2 Qb6 19. b4 Qd4 20. Be4 Nc3 21.
Bxc6 Nxe2+ 0-1

[Event "O losinského kapra 2015"]
[Site "Kouty nad Desnou"]
[Date "2015.12.12"]
[Round "5"]
[White "Plát, Vojtìch"]
[Black "Velièka, Petr"]
[Result "1/2-1/2"]
[WhiteElo "2612"]
[BlackElo "2405"]
[PlyCount "77"]
[EventDate "2015.??.??"]

1. d4 d5 2. c4 c6 3. Nc3 Nf6 4. cxd5 cxd5 5. Bf4 Nc6 6. e3 Bf5 7. Qb3 Na5 8.
Qa4+ Bd7 9. Bb5 Nc6 10. Nf3 a6 11. Bxc6 Bxc6 12. Qb3 e6 13. Ne5 Bd6 14. Nxc6
bxc6 15. Bg5 O-O 16. Qc2 c5 17. dxc5 Bxc5 18. O-O Be7 19. Rfd1 Qb8 20. e4 Ng4
21. Bxe7 Qxh2+ 22. Kf1 Qh1+ 23. Ke2 Qxg2 24. Bc5 Ne5 25. exd5 Qg4+ 26. Kd2 Qg5+
27. Be3 Nc4+ 28. Kc1 Nxe3 29. fxe3 Qxe3+ 30. Qd2 Qb6 31. Qd4 Qd6 32. dxe6 Qxe6
33. Kc2 Rfe8 34. Rg1 Qf5+ 35. Qd3 Qf2+ 36. Qd2 Qf5+ 37. Qd3 Qf2+ 38. Qd2 Qf5+
39. Qd3 1/2-1/2

[Event "O losinského kapra 2015"]
[Site "Kouty nad Desnou"]
[Date "2015.12.12"]
[Round "5"]
[White "Sergeev, Vladimir"]
[Black "Krejèí, Jan"]
[Result "1-0"]
[WhiteElo "2468"]
[BlackElo "2527"]
[PlyCount "51"]
[EventDate "2015.??.??"]

1. d4 Nf6 2. Nf3 e6 3. c3 b6 4. Bf4 Bb7 5. e3 Be7 6. h3 O-O 7. Nbd2 c5 8. Bd3
cxd4 9. cxd4 d5 10. Ne5 Nbd7 11. O-O Nxe5 12. Bxe5 Bd6 13. Rc1 Bxe5 14. dxe5
Nd7 15. Nb3 Nxe5 16. Bxh7+ Kxh7 17. Qh5+ Kg8 18. Qxe5 Rc8 19. Rxc8 Bxc8 20. Rc1
Ba6 21. Nd4 Qb8 22. Rc7 Re8 23. Nc6 Qa8 24. Ne7+ Kf8 25. Qh5 Rxe7 26. Qh8# 1-0

[Event "O losinského kapra 2015"]
[Site "Kouty nad Desnou"]
[Date "2015.12.12"]
[Round "5"]
[White "Cvek, Robert"]
[Black "Kalod, Radek"]
[Result "1/2-1/2"]
[WhiteElo "2527"]
[BlackElo "2491"]
[PlyCount "72"]
[EventDate "2015.??.??"]

1. c4 Nf6 2. Nc3 c5 3. Nf3 e6 4. g3 b6 5. Bg2 Bb7 6. O-O Be7 7. b3 O-O 8. Bb2
d6 9. e3 a6 10. d4 cxd4 11. Nxd4 Qc7 12. f4 Bxg2 13. Kxg2 Nc6 14. Nxc6 Qxc6+
15. Qf3 d5 16. Rac1 Rac8 17. cxd5 exd5 18. Rfd1 Qe6 19. Nxd5 Nxd5 20. Qxd5 Qxe3
21. Re1 Rc2+ 22. Rxc2 Qxe1 23. Qe5 Qxe5 24. Bxe5 Bc5 25. Rd2 Re8 26. Kf3 f6 27.
Bd4 Rd8 28. Be3 Rxd2 29. Bxd2 f5 30. Be3 Kf7 31. Bxc5 bxc5 32. Ke3 Ke6 33. Kd3
Kd5 34. h3 h5 35. h4 Kd6 36. Kc4 Kc6 1/2-1/2

[Event "O losinského kapra 2015"]
[Site "Kouty nad Desnou"]
[Date "2015.12.12"]
[Round "5"]
[White "Kraus, Tomáš"]
[Black "Žilka, Štìpán"]
[Result "0-1"]
[WhiteElo "2348"]
[BlackElo "2504"]
[PlyCount "42"]
[EventDate "2015.??.??"]

1. e4 e5 2. Nf3 Nc6 3. d4 exd4 4. Nxd4 Nf6 5. Nxc6 bxc6 6. Bd3 d5 7. e5 Ng4 8.
O-O Bc5 9. Bf4 g5 10. Bg3 h5 11. Be2 Qe7 12. Nc3 Qf8 13. Nxd5 cxd5 14. Bb5+ Ke7
15. Qxd5 Bb6 16. Rad1 Be6 17. Qc6 Rd8 18. Rxd8 Qxd8 19. h3 h4 20. c4 hxg3 21.
c5 gxf2+ 0-1

[Event "O losinského kapra 2015"]
[Site "Kouty nad Desnou"]
[Date "2015.12.12"]
[Round "6"]
[White "Velièka, Petr"]
[Black "Sergeev, Vladimir"]
[Result "1/2-1/2"]
[WhiteElo "2405"]
[BlackElo "2468"]
[PlyCount "209"]
[EventDate "2015.??.??"]

1. e4 d5 2. exd5 Qxd5 3. Nc3 Qd6 4. d4 Nf6 5. Nf3 a6 6. g3 Bg4 7. Bg2 c6 8. O-O
e6 9. Bf4 Qd8 10. h3 Bh5 11. g4 Bg6 12. Ne5 Nbd7 13. Nxg6 hxg6 14. Qd3 Be7 15.
Rad1 Rc8 16. Ne4 Nxe4 17. Qxe4 Nf6 18. Qe2 O-O 19. c4 Re8 20. Rd3 Qa5 21. b3
Rcd8 22. Rfd1 Bd6 23. Be5 Qc7 24. f4 Nd7 25. Qe3 Nxe5 26. fxe5 Bb4 27. Kh1 c5
28. d5 exd5 29. Rxd5 Rxd5 30. Rxd5 b5 31. Qe4 Bc3 32. Bf1 b4 33. Bg2 a5 34. Bf3
Rxe5 35. Rxe5 Bxe5 36. Qc6 Qe7 37. Qe4 Qf6 38. Kg2 Bd4 39. Qe8+ Kh7 40. Qe1 g5
41. Qe4+ g6 42. Kf1 Kg7 43. Kg2 Qd6 44. Be2 Bc3 45. Bd3 Qd7 46. Qd5 Qe7 47. Qe4
Qf6 48. Qf3 Qd4 49. Qe4 Qd6 50. Qe2 Qf4 51. Qf2 Qc1 52. Qc2 Qa1 53. Qb1 Qxb1
54. Bxb1 Kf6 55. Kf3 Ke5 56. Be4 f5 57. Bc6 Be1 58. Be8 f4 59. Bxg6 Kd4 60. Be8
Kc3 61. Ke2 Bg3 62. Kf3 Kb2 63. Bd7 Kxa2 64. Ba4 Ka3 65. Ke2 Kb2 66. Kf3 Kc3
67. Ke2 Bh2 68. Kf3 Kd3 69. Be8 Bg3 70. Bd7 Be1 71. Bc6 Bc3 72. Bd7 Be5 73. Be8
Bd6 74. Bc6 Kc2 75. Ba4 Kd2 76. Bb5 Ke1 77. Bc6 Kf1 78. Bb5 Kg1 79. Bc6 Kh2 80.
Bb5 Kxh3 81. Bc6 Kh2 82. Bd7 Kg1 83. Bc6 Kf1 84. Bd7 Ke1 85. Bc6 Kd2 86. Bd7
Kd3 87. Be8 Kd4 88. Bd7 Bc7 89. Be8 Bd8 90. Bd7 Kc3 91. Ba4 Kc2 92. Ke2 Bc7 93.
Kf3 Bb8 94. Ke2 Kc1 95. Bb5 Kb2 96. Ba4 Kc3 97. Kf3 Kd4 98. Bb5 Bc7 99. Bc6 Kd3
100. Bd7 Kc3 101. Ba4 Bd8 102. Ke2 Bf6 103. Kf3 Bd4 104. Ke2 Kc2 105. Kf3
1/2-1/2

[Event "O losinského kapra 2015"]
[Site "Kouty nad Desnou"]
[Date "2015.12.12"]
[Round "6"]
[White "Žilka, Štìpán"]
[Black "Plát, Vojtìch"]
[Result "1-0"]
[WhiteElo "2504"]
[BlackElo "2612"]
[PlyCount "123"]
[EventDate "2015.??.??"]

1. d4 d6 2. Nf3 Bg4 3. c4 Nd7 4. Qb3 Qc8 5. h3 Bh5 6. g4 Bg6 7. Bg2 c6 8. Nh4
e5 9. dxe5 dxe5 10. O-O Be7 11. Nxg6 hxg6 12. Rd1 Ngf6 13. Bg5 Nc5 14. Qc2 Ne6
15. Be3 Bc5 16. Bxc5 Nxc5 17. Qc3 Qc7 18. Qg3 Ne6 19. e3 O-O 20. Nd2 Rfe8 21.
b4 a5 22. b5 Nc5 23. bxc6 bxc6 24. g5 Nh7 25. Ne4 Nxe4 26. Bxe4 Rad8 27. Qg2
Rxd1+ 28. Rxd1 c5 29. h4 Nf8 30. Bd5 Rb8 31. Qe4 Rb2 32. Rb1 Rxb1+ 33. Qxb1 Qd7
34. Qe4 Qd6 35. Kg2 Qc7 36. h5 Qd6 37. f4 exf4 38. Qe8 Qd7 39. Qxd7 Nxd7 40.
hxg6 fxe3 41. gxf7+ Kf8 42. Kf3 Ne5+ 43. Kxe3 Nxf7 44. Kf4 Nd8 45. Kf5 a4 46.
a3 Ke7 47. Kg6 Kf8 48. Kf5 Ke7 49. Ke5 Kd7 50. g6 Ke7 51. Ba8 Kd7 52. Bg2 Ke7
53. Bf3 Kd7 54. Bd1 Nc6+ 55. Kf4 Ne7 56. Bxa4+ Ke6 57. Be8 Kd6 58. a4 Ng8 59.
a5 Nf6 60. Bf7 Nd7 61. a6 Kc6 62. Be8 1-0

[Event "O losinského kapra 2015"]
[Site "Kouty nad Desnou"]
[Date "2015.12.12"]
[Round "6"]
[White "Mudrák, Josef"]
[Black "Cvek, Robert"]
[Result "0-1"]
[WhiteElo "2283"]
[BlackElo "2527"]
[PlyCount "56"]
[EventDate "2015.??.??"]

1. d4 Nf6 2. Nf3 e6 3. g3 b5 4. Bg2 d5 5. O-O c5 6. c3 Be7 7. a4 b4 8. dxc5
Bxc5 9. cxb4 Bxb4 10. Bd2 Na6 11. a5 O-O 12. Nd4 Bd7 13. Nc2 Bd6 14. Nc3 Rb8
15. e4 dxe4 16. Nxe4 Nxe4 17. Bxe4 Nc5 18. Bg2 Bb5 19. Re1 Nd3 20. Re4 Nxb2 21.
Qh5 Bd3 22. Rd4 Bxc2 23. Bf4 Qf6 24. Rxd6 Nd3 25. Rf1 Nxf4 26. gxf4 Qxf4 27.
Rd7 a6 28. Qe2 Ba4 0-1

[Event "O losinského kapra 2015"]
[Site "Kouty nad Desnou"]
[Date "2015.12.12"]
[Round "6"]
[White "Šilar, Lubomír"]
[Black "Zwardoò, Vojtìch"]
[Result "0-1"]
[WhiteElo "2142"]
[BlackElo "2500"]
[PlyCount "96"]
[EventDate "2015.??.??"]

1. d4 Nf6 2. Nf3 e6 3. c4 c5 4. Nc3 cxd4 5. Nxd4 a6 6. e4 Bb4 7. Bd3 Nc6 8.
Nxc6 dxc6 9. O-O O-O 10. Qc2 e5 11. Bg5 h6 12. Bh4 Be7 13. Rad1 Qc7 14. Rfe1
Be6 15. b3 Rfd8 16. f3 Rd7 17. Bf1 Rad8 18. Rxd7 Rxd7 19. Rd1 Bc5+ 20. Bf2 Bd4
21. Be2 Qa5 22. Bxd4 exd4 23. Nb1 Nh5 24. Bd3 Nf4 25. Kh1 Qh5 26. Qf2 c5 27.
Na3 Qg6 28. Nc2 Nxd3 29. Rxd3 f5 30. exf5 Bxf5 31. Rd2 Re7 32. Kg1 a5 33. g4 h5
34. h3 hxg4 35. hxg4 Qg5 36. Kf1 Bg6 37. Ne1 Re3 38. Kg2 Qf4 39. Re2 Qe5 40.
Rxe3 dxe3 41. Qe2 Qd4 42. Kf1 Qd2 43. Qg2 Bb1 44. f4 Be4 45. Qe2 Qc1 46. Kg1
Bd3 47. Qxd3 Qxe1+ 48. Kg2 Qd2+ 0-1

[Event "O losinského kapra 2015"]
[Site "Kouty nad Desnou"]
[Date "2015.12.12"]
[Round "7"]
[White "Sergeev, Vladimir"]
[Black "Žilka, Štìpán"]
[Result "1-0"]
[WhiteElo "2468"]
[BlackElo "2504"]
[PlyCount "27"]
[EventDate "2015.??.??"]

1. d4 Nf6 2. Nf3 d5 3. Bg5 Ne4 4. Bh4 c5 5. dxc5 Nc6 6. e3 Qa5+ 7. Nbd2 e5 8.
c3 Qxc5 9. Nxe4 dxe4 10. Ng5 Qb6 11. Bc4 f6 12. Nf7 Rg8 13. Nd6+ Bxd6 14. Bxg8
1-0

[Event "O losinského kapra 2015"]
[Site "Kouty nad Desnou"]
[Date "2015.12.12"]
[Round "7"]
[White "Cvek, Robert"]
[Black "Velièka, Petr"]
[Result "1-0"]
[WhiteElo "2527"]
[BlackElo "2405"]
[PlyCount "77"]
[EventDate "2015.??.??"]

1. c4 c6 2. Nf3 d5 3. e3 Nf6 4. d4 Bf5 5. Nc3 e6 6. Nh4 Be4 7. f3 Bg6 8. Qb3
Qb6 9. Nxg6 hxg6 10. g3 Nbd7 11. Kf2 Be7 12. Kg2 O-O 13. Be2 Rfd8 14. Rd1 Qxb3
15. axb3 a6 16. h4 b5 17. Bd2 Rdb8 18. Ra2 b4 19. Na4 a5 20. Be1 Ra7 21. Rc1
Kf8 22. Raa1 Ke8 23. Rc2 Kd8 24. Rac1 Bd6 25. Bd3 Ke7 26. Bf2 Raa8 27. cxd5
cxd5 28. e4 dxe4 29. fxe4 e5 30. d5 Ng4 31. Bg1 Rf8 32. Bb5 Rab8 33. Bxd7 Kxd7
34. Nb6+ Ke7 35. Nc8+ Kd7 36. Nb6+ Ke7 37. Nc8+ Kd7 38. Nxd6 Kxd6 39. Kf3 1-0

[Event "O losinského kapra 2015"]
[Site "Kouty nad Desnou"]
[Date "2015.12.12"]
[Round "7"]
[White "Zwardoò, Vojtìch"]
[Black "Èervený, Martin"]
[Result "1-0"]
[WhiteElo "2500"]
[BlackElo "2443"]
[PlyCount "67"]
[EventDate "2015.??.??"]

1. c4 c6 2. Nc3 d5 3. cxd5 cxd5 4. d4 Nf6 5. Bf4 Nc6 6. e3 a6 7. Rc1 e6 8. Qb3
Na5 9. Qc2 Bd7 10. Nf3 Rc8 11. Ne5 Be7 12. Bd3 O-O 13. O-O b5 14. Qb1 Nc4 15.
Rfd1 b4 16. Nxd7 Qxd7 17. Ne2 a5 18. e4 g6 19. e5 Nh5 20. Bh6 Ng7 21. b3 Na3
22. Qb2 Nb5 23. g4 f6 24. Rxc8 Rxc8 25. Rc1 Na7 26. Qb1 Rxc1+ 27. Qxc1 Qc8 28.
Qxc8+ Nxc8 29. Nf4 g5 30. Bxg7 gxf4 31. exf6 Bd8 32. h4 Nd6 33. g5 Ne8 34.
Bxh7+ 1-0

[Event "O losinského kapra 2015"]
[Site "Kouty nad Desnou"]
[Date "2015.12.12"]
[Round "7"]
[White "Plát, Vojtìch"]
[Black "Jedlièka, Aleš"]
[Result "1-0"]
[WhiteElo "2612"]
[BlackElo "2249"]
[PlyCount "45"]
[EventDate "2015.??.??"]

1. c4 e6 2. d4 Nf6 3. Nf3 Bb4+ 4. Nbd2 b6 5. e3 Bb7 6. Bd3 O-O 7. O-O d5 8.
cxd5 exd5 9. Ne5 Bd6 10. f4 c5 11. dxc5 Bxe5 12. fxe5 Ne4 13. Nxe4 dxe4 14. Bc4
Qxd1 15. Rxd1 bxc5 16. Bd2 Nc6 17. Bc3 Rfd8 18. Rf1 Rf8 19. Rad1 Rad8 20. e6
fxe6 21. Bxe6+ Kh8 22. Rxf8+ Rxf8 23. Rd7 1-0